[Event "17. Open de la Constitución 2015"]
[Site "San Sebastian de los Reyes ES"]
[Date "2015.12.08"]
[Round "9.25"]
[White "Mehalingam, Karunanithi"]
[Black "Martin Rodriguez, Jose Luis"]
[Result "1-0"]
[WhiteElo "1449"]
[BlackElo "1379"]
[PlyCount "127"]
[EventDate "2015.11.30"]
[EventType "swiss"]
[EventRounds "9"]
[EventCountry "ESP"]
[Source "lmi"]
[SourceDate "2015.11.30"]

1. d4 Nf6 2. c4 e6 3. Qc2 d5 4. Bg5 Be7 5. f3 c6 6. Nd2 O-O 7. h4 Nbd7 8. g4 e5
9. e3 exd4 10. exd4 Re8 11. O-O-O Qb6 12. Nb3 dxc4 13. Bxc4 Nd5 14. Bd2 Bb4 15.
Bxd5 cxd5 16. Nh3 Bxd2+ 17. Rxd2 Nf8 18. Kb1 Bd7 19. Nf4 Bc6 20. h5 Re3 21. Rh3
Rae8 22. Nd3 Qd8 23. Ne5 Qc8 24. Nc5 f6 25. Ned3 b6 26. Na4 Bd7 27. Qxc8 Bxc8
28. Rg3 Re2 29. Rg2 Rxd2 30. Rxd2 Re3 31. Nc3 Rxf3 32. Nxd5 Kf7 33. g5 Rf5 34.
g6+ hxg6 35. hxg6+ Ke6 36. N5f4+ Kd6 37. Re2 Ba6 38. Kc2 Bxd3+ 39. Nxd3 Nxg6
40. Rg2 Rg5 41. Rxg5 fxg5 42. Kd2 Nf4 43. Nf2 Kd5 44. Ke3 Ne6 45. Ne4 g4 46.
Nc3+ Kc4 47. d5 Nd8 48. Kf4 Nf7 49. Kxg4 b5 50. Kf5 b4 51. Na4 Kxd5 52. Kg6
Ne5+ 53. Kxg7 Nc4 54. Kf6 Nb6 55. Nxb6+ axb6 56. Kf5 Kd4 57. Kf4 Kc4 58. Ke4 b3
59. a3 b5 60. Ke3 Kc5 61. Kd3 Kd5 62. Kc3 Kc5 63. Kxb3 b4 64. a4 1-0

[Event "17. Open de la Constitución 2015"]
[Site "San Sebastian de los Reyes ES"]
[Date "2015.12.08"]
[Round "9.30"]
[White "Llamas Martinez, Pablo"]
[Black "Penas Merino, Ramona"]
[Result "1/2-1/2"]
[WhiteElo "1422"]
[BlackElo "1406"]
[PlyCount "42"]
[EventDate "2015.11.30"]
[EventType "swiss"]
[EventRounds "9"]
[EventCountry "ESP"]
[Source "lmi"]
[SourceDate "2015.11.30"]

1. e4 e6 2. d4 d5 3. exd5 exd5 4. Nf3 Bd6 5. Nc3 c6 6. Bd3 Ne7 7. O-O Bf5 8.
Re1 Bxd3 9. Qxd3 O-O 10. Ng5 Ng6 11. Be3 Nd7 12. Re2 Nf6 13. Rae1 Re8 14. Nb1
Qd7 15. Nd2 Re7 16. Ndf3 Rae8 17. Bd2 h6 18. Nh3 Ne4 19. Be3 Qg4 20. Nd2 Nxd2
21. Qxd2 Nh4 1/2-1/2

[Event "17. Open de la Constitución 2015"]
[Site "San Sebastian de los Reyes ES"]
[Date "2015.12.08"]
[Round "9.31"]
[White "Lozano Hernanz, Rodrigo"]
[Black "Caceres San Martin, Daniel"]
[Result "1-0"]
[WhiteElo "1399"]
[BlackElo "1043"]
[PlyCount "93"]
[EventDate "2015.11.30"]
[EventType "swiss"]
[EventRounds "9"]
[EventCountry "ESP"]
[Source "lmi"]
[SourceDate "2015.11.30"]

1. e4 e5 2. Nf3 Nc6 3. d4 d6 4. dxe5 dxe5 5. Qxd8+ Kxd8 6. Bc4 Be6 7. Bxe6 fxe6
8. Bg5+ Be7 9. Nc3 h6 10. Bh4 g5 11. O-O-O+ Ke8 12. Bg3 g4 13. Nxe5 Bd6 14.
Nxc6 Bxg3 15. hxg3 bxc6 16. Rh5 Nf6 17. Rc5 h5 18. Rxc6 h4 19. Rxc7 h3 20. Rh1
Rh5 21. Rg7 hxg2 22. Rg1 Rh1 23. Ne2 Nxe4 24. Rg8+ Ke7 25. Rxa8 Nxf2 26. Rxa7+
Kf6 27. Kd2 Ne4+ 28. Ke3 Nxg3 29. Rxg2 Nf5+ 30. Kd3 Rh3+ 31. Kc4 Ne3+ 32. Kd4
Nxg2 33. b4 Rh2 34. b5 e5+ 35. Kd5 Nf4+ 36. Nxf4 exf4 37. Ra6+ Kf5 38. b6 Rh6
39. c4 g3 40. b7 Rh8 41. Ra8 g2 42. Rxh8 g1=Q 43. Rf8+ Kg6 44. Rg8+ Kh7 45.
Rxg1 f3 46. b8=Q f2 47. Qh2# 1-0